000 00858nam a2200241 i 4500
001 110746
003 ES-MaACL
007 t|
008 070124m19201923sp ||||1| spa d
080 _a342.56(460)
080 _a347.9(460)
100 1 _aAguilera de Paz, Enrique.
_918776
245 1 3 _aEl derecho judicial español /
_cpor Enrique Aguilera de Paz y Francisco de P. Rives y Martí.
260 _aMadrid :
_bHijos de Reus,
_c1920-1923.
300 _a2 v. ;
_c23 cm.
490 1 _aBiblioteca jurídica de autores españoles y extranjeros ;
_v36-37
650 1 4 _aPoder judicial-
_zEspaña.
_916148
650 1 4 _aDerecho procesal-
_zEspaña.
_911762
700 1 _aRives y Martí, Francisco de P.
_997722
830 0 _aBiblioteca jurídica de autores españoles y extranjeros ;
_v36-37
_9182228
852 _aES-MaACL
_jE-3057-58
999 _c110746
_d110746